header

South-south migration and remittances (Record no. 141535)

MARC details
000 -LEADER
fixed length control field 01599nam a2200385 a 4500
082 04 - DEWEY DECIMAL CLASSIFICATION NUMBER
Classification number 330.9172/4
100 1# - MAIN ENTRY--AUTHOR NAME
Personal name Ratha, Dilip.
245 10 - TITLE STATEMENT
Title South-south migration and remittances
260 ## - PUBLICATION, DISTRIBUTION, ETC. (IMPRINT)
Place of publication Washington, D.C. :
Name of publisher World Bank,
Year of publication c2007.
300 ## - PHYSICAL DESCRIPTION
Number of Pages ix, 55 p. :
Other physical details ill.
490 1# - SERIES STATEMENT
Series statement World Bank working paper ;
500 ## - GENERAL NOTE
General note "This paper was prepared by the Migration and Remittances Team of Development Prospects Group of the World Bank"--Acknowledgments.
650 #0 - SUBJECT ADDED ENTRY--TOPICAL TERM
Topical Term Emigrant remittances.
700 1# - ADDED ENTRY--PERSONAL NAME
Personal name Shaw, William,
856 40 - ELECTRONIC LOCATION AND ACCESS
Uniform Resource Identifier http://site.ebrary.com/lib/rucke/Doc?id=10176219

No items available.

© 2026 Rongo University
Contact us: librarian | system librarian | Rongo university